College Football Matchups: Clemson - Statistics

General Stats
  • This quiz has been taken 300 times
    49 since last reset
  • The average score is 12 of 16
Answer Stats
Games Opponent Subdivision % Correct
122 South Carolina Power 4
98%
38 Florida State Power 4
93%
66 Georgia Power 4
91%
61 North Carolina Power 4
91%
56 Duke Power 4
89%
90 Georgia Tech Power 4
87%
92 NC State Power 4
87%
90 Wake Forest Power 4
84%
33 Boston College Power 4
80%
50 Virginia Power 4
76%
37 Virginia Tech Power 4
71%
51 Auburn Power 4
62%
59 Furman FCS
60%
40 The Citadel FCS
60%
62 Maryland Power 4
56%
40 Presbyterian FCS
31%
No matching quizzes found
Score Distribution
Percent of People with Each Score
Percentile by Number Answered
Your Score History
You have not taken this quiz since the last reset